000 00608nam a22002177a 4500
003 UA-OsUOA
001 36151
007 ta
008 20060119b un ||||| |||| 00| 0 ukr d
100 _aБоярова О.
090 _a159
_bБ11
942 _cSA
040 _aUA-OsUOA
_bukr
_cUA-OsUOA
_dUA-OsUOA
245 _aСімейне виховання - запорука психічного здоров'я дитини
300 _aС.21-24
955 _a1
041 _aukr
080 _a159
773 0 _w36149
_tПсихолог
_dК.
_d2006
_g3
650 7 _a1 Філософські науки
_2UDC
999 _c322399
_d322399